[Event "Gibraltar Open"]
[Site "Caleta ENG"]
[Date "2012.01.28"]
[Round "5.69"]
[White "Aranha Filho, Alvaro Z."]
[Black "Suez-Panama, Gilles"]
[Result "1-0"]
[WhiteTitle "FM"]
[WhiteElo "2307"]
[BlackElo "2034"]
[WhiteFideId "2103931"]
[BlackFideId "620165"]
[EventDate "2012.01.24"]

1. d4 Nf6 2. c4 g6 3. Nc3 Bg7 4. e4 d6 5. Be2 O-O 6. Bg5 c5 7. d5 Nbd7 8. f4 a6
9. a4 Rb8 10. Nf3 h6 11. Bh4 Nh5 12. Qd2 f5 13. exf5 gxf5 14. O-O Ndf6 15. Bd3
b5 16. axb5 axb5 17. Nxb5 Ne4 18. Qc2 Nhf6 19. Rae1 Qe8 20. Bxf6 Bxf6 21. Bxe4
fxe4 22. Qxe4 Qh5 23. Qe2 Kh8 24. h3 Rg8 25. Kh1 Bg4 26. Qf2 Rg7 27. Nh2 Bh4 28.
hxg4 Rxg4 29. Qg1 Bg3 30. Rf3 Rbg8 31. Rxg3 Rxg3 32. Rxe7 Rxg2 33. Qxg2 Rxg2 34.
Kxg2 Qg6+ 35. Kf2 Qc2+ 36. Kg3 Qg6+ 37. Kf2 Qc2+ 38. Re2 Qxc4 39. Nc3 Qxf4+ 40.
Nf3 h5 41. Re1 h4 42. Rh1 Qg3+ 43. Ke3 h3 44. Ne4 Qg2 45. Rh2 Qf1 46. Nxd6 Qc1+
47. Ke4 Kg8 48. Nf5 Qc4+ 49. Ke5 Qg4 50. Nh6+ 1-0

[Event "Gibraltar Open"]
[Site "Caleta ENG"]
[Date "2012.01.28"]
[Round "5.71"]
[White "Ali, Sebbar"]
[Black "Hamer, Martyn"]
[Result "1-0"]
[WhiteElo "2292"]
[BlackElo "2010"]
[WhiteFideId "8100977"]
[BlackFideId "413160"]
[EventDate "2012.01.24"]

1. e4 Nf6 2. e5 Nd5 3. d4 d6 4. Nf3 dxe5 5. Nxe5 c6 6. Be2 Nd7 7. Nf3 N7f6 8.
O-O Bg4 9. h3 Bh5 10. c4 Nb6 11. b3 e6 12. Be3 Be7 13. Nc3 O-O 14. g4 Bg6 15.
Ne5 Ne4 16. Nxe4 Bxe4 17. f3 Bg6 18. f4 f5 19. g5 Nd7 20. Nd3 b6 21. Bf3 Rc8 22.
Qe2 Re8 23. Rad1 Qc7 24. h4 Bf7 25. h5 Kf8 26. Qb2 Red8 27. Rd2 Ke8 28. d5 cxd5
29. Qxg7 Nf8 30. cxd5 exd5 31. Ne5 Bc5 32. Bxc5 Qxc5+ 33. Rff2 Rc7 34. Rc2 Qd6
35. Rxc7 Qxc7 36. g6 1-0

[Event "Gibraltar Open"]
[Site "Caleta ENG"]
[Date "2012.01.28"]
[Round "5.72"]
[White "Phadke, Sohan"]
[Black "Spanton, Tim R"]
[Result "1-0"]
[WhiteElo "2290"]
[BlackElo "1984"]
[WhiteFideId "5016223"]
[BlackFideId "404802"]
[EventDate "2012.01.24"]

1. e4 e5 2. Nf3 Nc6 3. Bc4 Bc5 4. b4 d5 5. Bxd5 Nxb4 6. Bb3 Qe7 7. h3 Nf6 8. d3
Be6 9. c3 Nc6 10. Ba4 Bd7 11. O-O O-O-O 12. Nbd2 Na5 13. Bxd7+ Rxd7 14. Qa4 Nc6
15. Rb1 Rhd8 16. Ne1 Nh5 17. Nc4 Ng3 18. Qb5 Ne2+ 19. Kh2 Bb6 20. Bd2 Qc5 21.
Qb2 Nf4 22. Bxf4 exf4 23. Nxb6+ axb6 24. d4 Qc4 25. Nf3 Re8 26. Qc1 Qd3 27. Rd1
Qc4 28. Qxf4 Qxc3 29. Qg4 f6 30. Kg1 Qc2 31. Re1 Kd8 32. Rbc1 Qa4 33. Rcd1 Qb5
34. Qg3 Qa4 35. Qg4 Qb5 36. Qh4 Rde7 37. d5 Ne5 38. Nd4 Qb4 39. Qg3 c6 40. Nf5
Rd7 41. Nxg7 Rh8 42. Ne6+ Kc8 43. Rb1 Qa5 44. Rec1 c5 45. Rc3 Qxa2 46. Rbc1 Kb8
47. Ra3 1-0

[Event "Gibraltar Open"]
[Site "Caleta ENG"]
[Date "2012.01.28"]
[Round "5.74"]
[White "Attwood, James"]
[Black "Bisby, Daniel L"]
[Result "0-1"]
[BlackTitle "FM"]
[WhiteElo "2072"]
[BlackElo "2264"]
[WhiteFideId "3206688"]
[BlackFideId "404586"]
[EventDate "2012.01.24"]

1. d4 Nf6 2. c4 d6 3. Nf3 g6 4. g3 Bg7 5. Bg2 c6 6. O-O O-O 7. Nc3 Bf5 8. Qb3
Qc7 9. Re1 Ne4 10. Nh4 Nxc3 11. Qxc3 Be6 12. Qd3 d5 13. c5 b6 14. b4 a5 15. Bf4
Qa7 16. a3 axb4 17. axb4 Qxa1 18. Rxa1 Rxa1+ 19. Bf1 bxc5 20. bxc5 Nd7 21. Kg2
Rfa8 22. f3 Re1 23. Kf2 Raa1 24. Bg2 Red1 25. Qc2 Bxd4+ 26. Be3 Bxe3+ 27. Kxe3
d4+ 28. Kf2 d3 29. Qc3 Ra2 30. Bf1 d2 0-1

[Event "Gibraltar Open"]
[Site "Caleta ENG"]
[Date "2012.01.28"]
[Round "5.75"]
[White "Nilsson, Lars Kjoller"]
[Black "Arvola, Benjamin"]
[Result "0-1"]
[WhiteElo "2036"]
[BlackElo "2261"]
[WhiteFideId "1402544"]
[BlackFideId "1506536"]
[EventDate "2012.01.24"]

1. e4 e6 2. d4 d5 3. e5 c5 4. c3 Nc6 5. Nf3 Qb6 6. a3 Nh6 7. b4 cxd4 8. cxd4 Nf5
9. Be3 Bd7 10. Be2 Be7 11. O-O f6 12. Qd2 fxe5 13. dxe5 Nxe3 14. fxe3 O-O 15.
Nc3 Be8 16. Kh1 Rd8 17. Rac1 a6 18. Bd3 Bh5 19. Nd4 Nxe5 20. Na4 Qd6 21. Nc5 Ng4
22. Nf3 Rb8 23. h3 Ne5 24. Nxe5 Qxe5 25. Nd7 Qg3 26. Nxf8 Bd6 27. Rf4 Rxf8 28.
Rcf1 Rc8 29. Bf5 Re8 30. Bxe6+ Rxe6 31. Qxd5 Bf7 32. Rc1 h6 33. Rc8+ Kh7 34.
Qf5+ Rg6 35. Rc2 Be6 0-1

[Event "Gibraltar Open"]
[Site "Caleta ENG"]
[Date "2012.01.28"]
[Round "5.77"]
[White "Mortensen, Henrik"]
[Black "Chapman, Terry P D"]
[Result "0-1"]
[WhiteElo "2012"]
[BlackElo "2253"]
[WhiteFideId "1401424"]
[BlackFideId "413399"]
[EventDate "2012.01.24"]

1. d4 d6 2. g3 Nd7 3. Bg2 Ngf6 4. e4 e5 5. Ne2 Be7 6. O-O c6 7. c4 O-O 8. Nbc3
a6 9. a4 a5 10. h3 Re8 11. Be3 Bf8 12. d5 Nc5 13. Qc2 Bd7 14. Rab1 cxd5 15. Bxc5
dxc5 16. cxd5 Qb6 17. b3 Rec8 18. Rfd1 Ne8 19. Nc1 Qh6 20. Qd2 Qxd2 21. Rxd2 c4
22. N1a2 Nd6 23. b4 axb4 24. Rxb4 Be7 25. Rd1 Bd8 26. f4 f6 27. fxe5 fxe5 28.
Ra1 Kf8 29. Bf1 Ke7 30. Kg2 Ba5 31. Rb2 Bxc3 32. Nxc3 Ra5 33. Be2 Rca8 34. Rb4
b5 35. Rab1 bxa4 36. Bxc4 Rc8 0-1

[Event "Gibraltar Open"]
[Site "Caleta ENG"]
[Date "2012.01.28"]
[Round "5.80"]
[White "Stone, Andrew M"]
[Black "Van Diermen, Arie"]
[Result "1-0"]
[WhiteElo "2237"]
[BlackElo "1904"]
[WhiteFideId "404985"]
[BlackFideId "1009710"]
[EventDate "2012.01.24"]

1. c4 g6 2. g3 Bg7 3. Bg2 Nf6 4. Nc3 d6 5. e4 O-O 6. Nge2 e5 7. O-O Nbd7 8. d3
a5 9. h3 Nc5 10. Be3 Nh5 11. d4 Ne6 12. d5 Nc5 13. g4 Nf6 14. Ng3 Ne8 15. Kh2 f5
16. gxf5 gxf5 17. exf5 Bxf5 18. Nxf5 Rxf5 19. Ne4 Nf6 20. Ng3 Qd7 21. Nxf5 Qxf5
22. Bxc5 dxc5 23. Qf3 Qd7 24. Qb3 Rb8 25. Qb5 Qd6 26. Qxa5 e4+ 27. Kh1 Qf4 28.
Qc3 Nh5 29. Qc1 Qh4 30. Qd1 e3 31. Qg4 Qxg4 32. hxg4 e2 33. gxh5 exf1=Q+ 34.
Rxf1 Bxb2 35. Rb1 Be5 36. d6 cxd6 37. Bxb7 Kg7 38. a4 Bc3 39. Kg2 Kh6 40. Rb5
Kg5 41. Kg3 Be5+ 42. Kf3 Rf8+ 43. Ke2 Rf4 44. Bd5 Rd4 45. a5 Bf4 46. Rb2 Be5 47.
Ra2 Rf4 48. a6 Bd4 49. Kf1 1-0

[Event "Gibraltar Open"]
[Site "Caleta ENG"]
[Date "2012.01.28"]
[Round "5.81"]
[White "Kleinert, Juergen"]
[Black "Dunn, Andrew"]
[Result "0-1"]
[BlackTitle "CM"]
[WhiteElo "2004"]
[BlackElo "2233"]
[WhiteFideId "4659180"]
[BlackFideId "401960"]
[EventDate "2012.01.24"]

1. e4 c6 2. d4 d5 3. e5 Bf5 4. g4 Be4 5. f3 Bg6 6. h4 h5 7. e6 Qd6 8. exf7+ Bxf7
9. Ne2 Nd7 10. g5 e5 11. c3 Ne7 12. Bh3 Be6 13. Be3 Bxh3 14. Rxh3 Qe6 15. Rh1
Nf5 16. Bf2 Bd6 17. Qb3 O-O 18. Nd2 exd4 19. cxd4 Rae8 20. Qd1 Ne3 21. Bxe3 Qxe3 0-1

[Event "Gibraltar Open"]
[Site "Caleta ENG"]
[Date "2012.01.28"]
[Round "5.84"]
[White "Adnani, Mokhlis"]
[Black "Boesch, Dirk"]
[Result "1-0"]
[WhiteElo "2386"]
[BlackElo "2131"]
[WhiteFideId "9000100"]
[BlackFideId "4670639"]
[EventDate "2012.01.24"]

1. Nc3 c5 2. Nf3 Nc6 3. d4 cxd4 4. Nxd4 g6 5. g3 Bg7 6. Nb3 Nf6 7. Bg2 d6 8. O-O
O-O 9. e4 Bd7 10. h3 Rb8 11. a4 Na5 12. Nd4 Re8 13. Kh2 Qb6 14. Nde2 a6 15. Nf4
Bc6 16. Rb1 Nc4 17. b3 Na5 18. Bd2 Qc7 19. Qe2 b5 20. Qe1 Nb7 21. axb5 axb5 22.
b4 Nd8 23. Qe2 Ne6 24. Nxe6 fxe6 25. Rfc1 Nd7 26. Qg4 Nf8 27. Rb3 Bd7 28. f4
Rec8 29. h4 Qc4 30. Qf3 Qc7 31. h5 Qb7 32. Nd1 e5 33. Ne3 Ne6 34. Nd5 Nd4 35.
Qf2 Be6 36. Ra3 Rxc2 37. Rxc2 Nxc2 38. Ra7 Bxd5 39. Rxb7 Bxb7 40. Qa7 1-0

[Event "Gibraltar Open"]
[Site "Caleta ENG"]
[Date "2012.01.28"]
[Round "5.85"]
[White "Isherwood, Paul"]
[Black "Schiendorfer, Emanuel"]
[Result "0-1"]
[BlackTitle "FM"]
[WhiteElo "2042"]
[BlackElo "2354"]
[WhiteFideId "410314"]
[BlackFideId "1309889"]
[EventDate "2012.01.24"]

1. Nf3 Nf6 2. d4 d5 3. e3 e6 4. Bd3 b6 5. Qe2 Nbd7 6. Nbd2 Bb7 7. O-O Be7 8. e4
dxe4 9. Nxe4 O-O 10. Nxf6+ Nxf6 11. Rd1 Qd5 12. c4 Qh5 13. Bf4 Bd6 14. Ne5 Qxe2
15. Bxe2 Rfd8 16. Be3 c5 17. Nf3 Ng4 18. dxc5 bxc5 19. Bd2 Bc7 20. h3 Nh6 21.
Be3 Bb6 22. g4 f6 23. Nd2 Nf7 24. Nb3 Rac8 25. f4 e5 26. Kf2 exf4 27. Bxf4 Ng5
28. Bxg5 fxg5 29. Rd3 Rf8+ 30. Kg1 Rf4 31. Rf1 Re8 32. Rxf4 gxf4 33. Kf2 Be4 34.
Rd7 Bd8 35. Bf3 Bh4+ 36. Kg2 g5 37. Rd2 Bxf3+ 38. Kxf3 Re3+ 39. Kg2 f3+ 0-1

[Event "Gibraltar Open"]
[Site "Caleta ENG"]
[Date "2012.01.28"]
[Round "5.86"]
[White "Palencia, Wilson"]
[Black "Navarrete Espi, Samuel"]
[Result "1-0"]
[WhiteTitle "IM"]
[WhiteElo "2324"]
[BlackElo "2120"]
[WhiteFideId "4401859"]
[BlackFideId "2237725"]
[EventDate "2012.01.24"]

1. d4 Nf6 2. Nc3 d5 3. Bg5 g6 4. f3 Bg7 5. Qd2 O-O 6. Bh6 Bxh6 7. Qxh6 c5 8. e3
Nc6 9. O-O-O e5 10. dxe5 Nxe5 11. h4 Be6 12. Qg5 Nc6 13. h5 Qe7 14. Nge2 Rfd8
15. Nf4 d4 16. hxg6 fxg6 17. exd4 cxd4 18. Ne4 Nxe4 19. Qxe7 Nxe7 20. Nxe6 Nf2
21. Nxd8 Rxd8 22. Re1 Nxh1 23. Rxe7 Rc8 24. Rxb7 Ng3 25. Bd3 Nh5 26. Kd2 Nf4 27.
g3 Nh5 28. g4 Nf4 29. Rd7 Ne6 30. Rxa7 Nf4 31. Rd7 Nxd3 32. Kxd3 h5 33. gxh5
gxh5 34. Rd5 1-0

[Event "Gibraltar Open"]
[Site "Caleta ENG"]
[Date "2012.01.28"]
[Round "5.87"]
[White "Montero Melendez, Rafael"]
[Black "Magar, Johannes"]
[Result "1-0"]
[WhiteElo "2303"]
[BlackElo "2088"]
[WhiteFideId "2221772"]
[BlackFideId "4648943"]
[EventDate "2012.01.24"]

1. c4 Nc6 2. g3 e5 3. Nc3 g6 4. Bg2 Bg7 5. e4 Nge7 6. Nge2 d6 7. d3 O-O 8. O-O
Be6 9. Nd5 Rb8 10. Be3 Nd4 11. Nxd4 exd4 12. Bd2 c6 13. Nf4 Qd7 14. b4 h6 15.
Qc2 Bg4 16. f3 Be6 17. Rae1 Rbe8 18. Qc1 Kh7 19. Rf2 f5 20. Nxe6 Qxe6 21. Rfe2
Qf7 22. Bf4 fxe4 23. fxe4 Nc8 24. Bh3 g5 25. Bxc8 gxf4 26. Bf5+ Kh8 27. Qxf4 d5
28. cxd5 cxd5 29. Qg4 dxe4 30. Bxe4 Qf6 31. Bxb7 Rxe2 32. Qxe2 Qb6 33. Qe7 a5
34. Re6 Qxb4 35. Qxb4 axb4 36. Rb6 Re8 37. Rxb4 Re2 38. a4 Bf6 39. Bd5 Rd2 40.
Bc4 Bg5 41. Rb1 Be3+ 42. Kh1 Rf2 43. a5 Rf5 44. Ra1 1-0

[Event "Gibraltar Open"]
[Site "Caleta ENG"]
[Date "2012.01.28"]
[Round "5.89"]
[White "Becker, Carsten"]
[Black "Rodriguez Lopez, Rafael"]
[Result "1/2-1/2"]
[BlackTitle "IM"]
[WhiteElo "2001"]
[BlackElo "2287"]
[WhiteFideId "24646822"]
[BlackFideId "2204495"]
[EventDate "2012.01.24"]

1. d4 Nf6 2. Nf3 g6 3. Nc3 d5 4. h3 Bg7 5. Bf4 O-O 6. Ne5 c5 7. e3 cxd4 8. exd4
Nc6 9. Be2 Qb6 10. Nxc6 bxc6 11. Na4 Qa5+ 12. c3 Ba6 13. Bxa6 Qxa6 14. Nc5 Qc8
15. O-O Nd7 16. Nxd7 Qxd7 17. Re1 Rfe8 18. Qa4 f6 19. Re2 e5 20. dxe5 fxe5 21.
Bg3 e4 22. Rae1 Rf8 23. Rd1 Qb7 24. Bd6 Rfd8 25. Bc5 Rd7 26. c4 Rad8 27. Qc2 Qa6
28. b3 Qb7 29. Bd4 Bxd4 30. Rxd4 Qb8 1/2-1/2

[Event "Gibraltar Open"]
[Site "Caleta ENG"]
[Date "2012.01.28"]
[Round "5.90"]
[White "Borosova, Zuzana"]
[Black "Dasaolu, Adeoye"]
[Result "1-0"]
[WhiteTitle "WGM"]
[WhiteElo "2284"]
[BlackElo "2103"]
[WhiteFideId "14905779"]
[BlackFideId "416061"]
[EventDate "2012.01.24"]

1. e4 c5 2. Nf3 d6 3. d4 cxd4 4. Nxd4 Nf6 5. Nc3 a6 6. f4 Qc7 7. a4 b6 8. Bd3
Bb7 9. O-O e6 10. Qe2 Be7 11. Kh1 Nbd7 12. Bd2 O-O 13. b4 Rfe8 14. Rae1 g6 15.
e5 Nh5 16. Nd1 dxe5 17. fxe5 Nxe5 18. Qxe5 Bd6 19. Qg5 Bxh2 20. Ne2 Rad8 21. Nf4
Nxf4 22. Bxf4 Bxf4 23. Qxf4 e5 24. Qg3 Kg7 25. Ne3 f6 26. Ng4 Rf8 27. Qh4 Rd6
28. Qh6+ Kg8 29. Rxe5 f5 30. Nf2 Rd4 31. Re3 Rxb4 32. Rfe1 Qg7 33. Qxg7+ Kxg7
34. Re7+ Rf7 35. R1e6 Bc8 36. Rxf7+ Kxf7 37. Rc6 Bd7 38. Rc7 Ke6 39. Bxa6 Kd6
40. Rc3 Bxa4 41. Kh2 Bc6 42. Bc4 Ra4 43. Bb3 Ra7 44. Rh3 Rg7 45. Rh4 Ke5 46. Rb4
Rb7 47. Nd3+ Kd6 48. Rd4+ Ke7 49. Ne5 Be4 50. Nc4 Rb8 51. Kg3 g5 52. Kf2 h5 53.
Nd2 Bc6 54. Nf3 Bxf3 55. Kxf3 Rf8 56. Rd5 Rf6 57. Bc4 h4 58. Bd3 h3 59. gxh3 g4+
60. hxg4 fxg4+ 61. Kxg4 Ke8 62. Bf5 Ke7 63. Kf4 Rc6 64. Ke5 Rc7 65. Kd4 Rc6 66.
Rd7+ Ke8 67. Rb7 Kd8 68. Kd5 Rh6 69. c4 Rh5 70. Kd6 1-0

[Event "Gibraltar Open"]
[Site "Caleta ENG"]
[Date "2012.01.28"]
[Round "5.91"]
[White "Lochte, Szilvia"]
[Black "Soumya, Swaminathan"]
[Result "0-1"]
[BlackTitle "WGM"]
[WhiteElo "1956"]
[BlackElo "2280"]
[WhiteFideId "708410"]
[BlackFideId "5016193"]
[EventDate "2012.01.24"]

1. d4 Nf6 2. Bf4 g6 3. e3 Bg7 4. Nf3 O-O 5. Be2 c5 6. c3 b6 7. h3 Bb7 8. Nbd2 d6
9. O-O Nbd7 10. Rc1 a6 11. a4 Ra7 12. Qc2 Qa8 13. Rfd1 Rc8 14. Qb3 e5 15. Bh2 e4
16. Ng5 d5 17. h4 c4 18. Qa3 h6 19. Nh3 Ne8 20. f3 Bf8 21. b4 exf3 22. Bxf3 a5
23. Ra1 Bc6 24. Rdb1 axb4 25. cxb4 Rxa4 26. Qc3 Bxb4 27. Rxa4 Bxc3 28. Rxa8 Bxa8 0-1

[Event "Gibraltar Open"]
[Site "Caleta ENG"]
[Date "2012.01.28"]
[Round "5.92"]
[White "Sanchez, Louis"]
[Black "Thorell, Viktor"]
[Result "1-0"]
[WhiteTitle "FM"]
[WhiteElo "2261"]
[BlackElo "2046"]
[WhiteFideId "624225"]
[BlackFideId "1715488"]
[EventDate "2012.01.24"]

1. Nf3 d5 2. d4 Nf6 3. c4 e6 4. g3 Bb4+ 5. Bd2 Qe7 6. Bg2 O-O 7. O-O c6 8. Qc2
Nbd7 9. Bxb4 Qxb4 10. Nbd2 Re8 11. a3 Qe7 12. e4 dxe4 13. Nxe4 Nxe4 14. Qxe4 Nf6
15. Qe3 a5 16. Rfe1 a4 17. Rad1 Ra5 18. Ne5 Qc7 19. c5 Nd5 20. Qd2 Rb5 21. Rc1
Rd8 22. Rc4 f6 23. Nd3 Qa5 24. Qc2 Rb3 25. Rd1 Qb5 26. Bf1 e5 27. Nb4 Bg4 28.
Rd2 Bf3 29. dxe5 fxe5 30. Rh4 Qa5 31. Qxh7+ 1-0

[Event "Gibraltar Open"]
[Site "Caleta ENG"]
[Date "2012.01.28"]
[Round "5.93"]
[White "Kulkarni, Rakesh"]
[Black "Johnsen, Kjell Magne"]
[Result "1-0"]
[WhiteElo "2252"]
[BlackElo "1950"]
[WhiteFideId "5037077"]
[BlackFideId "1505319"]
[EventDate "2012.01.24"]

1. Nf3 e6 2. c4 Nf6 3. d4 d5 4. Nc3 Be7 5. Bg5 O-O 6. e3 h6 7. Bh4 Ne4 8. Bxe7
Qxe7 9. Rc1 Nxc3 10. Rxc3 c6 11. Qc2 Nd7 12. cxd5 exd5 13. Bd3 Nf6 14. O-O Be6
15. h3 Nd7 16. Rb1 Rac8 17. b4 Rfe8 18. a4 a6 19. Nd2 Qh4 20. b5 axb5 21. axb5
Nf6 22. bxc6 Rxc6 23. Rxc6 bxc6 24. Qxc6 Rc8 25. Qd6 Ne4 26. Bxe4 dxe4 27. Rb8 1-0

[Event "Gibraltar Open"]
[Site "Caleta ENG"]
[Date "2012.01.28"]
[Round "5.94"]
[White "Byron, Alan M"]
[Black "Fransson, Angelina"]
[Result "1-0"]
[WhiteElo "2241"]
[BlackElo "1967"]
[WhiteFideId "401773"]
[BlackFideId "1712632"]
[EventDate "2012.01.24"]

1. c4 Nf6 2. g3 g6 3. Bg2 Bg7 4. Nc3 d6 5. Nf3 O-O 6. d4 Nc6 7. O-O a6 8. e3 Bd7
9. b3 Rb8 10. Bb2 b5 11. Nd2 e5 12. d5 Ne7 13. Qc2 Qc8 14. Rfd1 Bh3 15. Bh1 h5
16. Rac1 Bg4 17. Re1 h4 18. Ne2 Bh6 19. Nf4 hxg3 20. hxg3 b4 21. Nd3 Kg7 22. f4
Nf5 23. Nf1 Bh3 24. Bg2 Bxg2 25. Qxg2 exf4 26. exf4 g5 27. Nf2 Kg6 28. g4 Nh4
29. f5+ Kh7 30. Qg3 Bg7 31. Nh3 Kh6 32. Rc2 Re8 33. Nxg5 Nxf5 34. gxf5 Qxf5 35.
Rh2+ Nh5 36. Bxg7+ Kg6 37. Rxh5 Kxh5 38. Nh3 Qg4 39. Nf4+ Kg5 40. Bh6+ 1-0

[Event "Gibraltar Open"]
[Site "Caleta ENG"]
[Date "2012.01.28"]
[Round "5.95"]
[White "Zachariassen, John"]
[Black "Vaarala, Eric"]
[Result "0-1"]
[WhiteElo "1949"]
[BlackElo "2238"]
[WhiteFideId "1405535"]
[BlackFideId "1711962"]
[EventDate "2012.01.24"]

1. c4 Nf6 2. Nf3 c6 3. g3 d5 4. cxd5 cxd5 5. Bg2 Nc6 6. O-O e5 7. d3 Be7 8. Bg5
Be6 9. Bd2 h6 10. Bc3 d4 11. Be1 Qb6 12. Nbd2 Qxb2 13. Rb1 Qxa2 14. Rxb7 Nd5 15.
Nc4 O-O 16. Rb2 Qa6 17. Nfxe5 Nxe5 18. Nxe5 Rab8 19. Rxb8 Rxb8 20. Nf3 Bf6 21.
Bd2 Nc3 22. Qe1 Rb1 23. Bc1 Rxc1 0-1

[Event "Gibraltar Open"]
[Site "Caleta ENG"]
[Date "2012.01.28"]
[Round "5.96"]
[White "Rowe, Duane"]
[Black "Frey, Matthias"]
[Result "1-0"]
[WhiteTitle "CM"]
[WhiteElo "2236"]
[BlackElo "1941"]
[WhiteFideId "7400268"]
[BlackFideId "1315030"]
[EventDate "2012.01.24"]

1. e4 c6 2. Nc3 d5 3. Nf3 dxe4 4. Nxe4 Nf6 5. Ng3 Bg4 6. Bc4 e6 7. h3 Bxf3 8.
Qxf3 Nbd7 9. Qe2 Be7 10. O-O O-O 11. a4 Nb6 12. Bb3 Nbd5 13. a5 Qc7 14. d3 Rfe8
15. Bg5 c5 16. Rfe1 h6 17. Bd2 Bf8 18. Ra4 Nb4 19. Qf3 Qc6 20. Ne4 Nxe4 21. Rxe4
b5 22. axb6 axb6 23. Raxb4 cxb4 24. Bxh6 Ra1+ 25. Kh2 Ra5 26. Qg3 Rh5 27. Bg5
Bd6 28. f4 Ra8 29. Qg4 Rxg5 30. Qxg5 Ra5 31. Qd8+ Kh7 32. Rd4 Bc5 33. Qh4+ Kg8
34. Rd8+ Bf8 35. Qe7 1-0

[Event "Gibraltar Open"]
[Site "Caleta ENG"]
[Date "2012.01.28"]
[Round "5.97"]
[White "Tscharotschkin, Michael"]
[Black "Bihi, Mehdi"]
[Result "1-0"]
[WhiteElo "2195"]
[BlackElo "1919"]
[WhiteFideId "4619510"]
[BlackFideId "637076"]
[EventDate "2012.01.24"]

1. e4 c5 2. Nf3 Nc6 3. c3 d5 4. exd5 Qxd5 5. d4 e6 6. Na3 Nf6 7. Be3 cxd4 8. Nb5
Qd8 9. Nbxd4 Bd7 10. Nxc6 Bxc6 11. Qxd8+ Rxd8 12. Bxa7 b6 13. Ne5 1-0

[Event "Gibraltar Open"]
[Site "Caleta ENG"]
[Date "2012.01.28"]
[Round "5.98"]
[White "Weeramantry, Sunil"]
[Black "Jablon, Stephen"]
[Result "1/2-1/2"]
[WhiteTitle "FM"]
[WhiteElo "2183"]
[BlackElo "1931"]
[WhiteFideId "9900055"]
[BlackFideId "2019833"]
[EventDate "2012.01.24"]

1. e4 e5 2. Nf3 Nf6 3. Nc3 Nc6 4. d4 exd4 5. Nxd4 Bb4 6. Nxc6 Bxc3+ 7. bxc3 bxc6
8. Bd3 O-O 9. O-O Qe7 10. Re1 d6 11. Bf4 Bg4 12. f3 Be6 13. Bg5 h6 14. Bxf6 Qxf6
15. Qd2 Rab8 16. f4 Rb2 17. a4 Rfb8 18. a5 c5 19. e5 Qd8 20. f5 Bd5 21. f6 dxe5
22. fxg7 Kxg7 23. Qe3 Qd6 24. Qxe5+ Qxe5 25. Rxe5 c4 26. Rxd5 cxd3 27. Rxd3 Rxc2
28. h3 Rbb2 29. Rg3+ Kf8 30. Ra4 c5 31. Rc4 Rb5 32. Ra4 Rb3 33. Rc4 Rb5 34. Rh4
Rxa5 35. Rxh6 Ra3 36. Rh8+ Ke7 37. Re3+ Kf6 38. Ra8 Rcxc3 39. Rxc3 Rxc3 40. Rxa7
Rc2 41. Kh2 c4 42. Rc7 Rc1 43. Kg3 c3 44. Kh4 c2 45. g4 Ke6 46. Kg5 Rh1 47. Rxc2
Rxh3 48. Re2+ Kd7 49. Re4 Rf3 50. Kh6 Kd6 51. g5 Rh3+ 52. Kg7 Rg3 53. Kf6 Rf3+
54. Kg7 Rg3 55. Kf6 Rf3+ 56. Kg7 1/2-1/2

[Event "Gibraltar Open"]
[Site "Caleta ENG"]
[Date "2012.01.28"]
[Round "5.99"]
[White "Lundback, Karl"]
[Black "Scheckenbach, Franz"]
[Result "0-1"]
[WhiteElo "1907"]
[BlackElo "2182"]
[WhiteFideId "1716026"]
[BlackFideId "4635647"]
[EventDate "2012.01.24"]

1. e4 c5 2. Nf3 d6 3. d4 cxd4 4. Qxd4 Nc6 5. Bb5 Bd7 6. Bxc6 Bxc6 7. c4 Nf6 8.
Nc3 e6 9. O-O Be7 10. b4 b6 11. Bb2 O-O 12. Rfd1 Qc7 13. Rac1 Rfd8 14. a3 Qb7
15. Nd2 Bf8 16. f3 a5 17. b5 Be8 18. Na4 Nd7 19. Nb3 Rac8 20. Bc3 Ra8 21. Be1
Qc7 22. Bg3 e5 23. Qe3 f6 24. Bf2 Rdb8 25. Qd3 Bf7 26. Rc3 Rd8 27. Nd2 Rac8 28.
Qe3 Nc5 29. Nxc5 dxc5 30. Rcc1 Rd6 31. Qb3 Rcd8 32. Be3 Rd3 33. Rc3 Qd6 34. Qc2
Rxc3 35. Qxc3 Qd3 36. Qxd3 Rxd3 37. Kf2 Bxc4 38. Nxc4 Rxd1 39. Nxb6 Ra1 40. a4
Ra2+ 41. Ke1 Kf7 42. Bd2 Bd6 43. Kd1 Bc7 44. Nd5 Bb8 45. Nc3 Ra3 46. Kc2 c4 47.
Be3 Bd6 48. b6 Rb3 49. Nb5 Ke6 50. Bd2 Kd7 51. Bxa5 Kc6 52. Nc7 Bc5 53. Ne8 Bxb6
54. Bxb6 Kxb6 55. Nxg7 Kc5 56. Nh5 Rb6 0-1

[Event "Gibraltar Open"]
[Site "Caleta ENG"]
[Date "2012.01.28"]
[Round "5.101"]
[White "Walton, Alan J"]
[Black "Puroila, Sippo"]
[Result "1-0"]
[WhiteTitle "CM"]
[WhiteElo "2161"]
[BlackElo "1906"]
[WhiteFideId "409898"]
[BlackFideId "504572"]
[EventDate "2012.01.24"]

1. d4 c5 2. d5 e5 3. e4 d6 4. Nc3 Nf6 5. g3 Be7 6. Bg2 Nbd7 7. Nge2 Nf8 8. f4
Ng6 9. O-O h5 10. Qd3 Bd7 11. Nd1 Qc8 12. f5 Nf8 13. h3 Qc7 14. a3 O-O-O 15. b4
N8h7 16. Ne3 g6 17. fxg6 fxg6 18. bxc5 Qxc5 19. a4 Ng5 20. Kh2 Kb8 21. c4 Qc8
22. Ng1 Rdf8 23. Ra2 Rf7 24. Raf2 Rhf8 25. Nd1 Ngh7 26. Be3 g5 27. Nc3 h4 28.
gxh4 g4 29. Nb5 a6 30. Na7 Qe8 31. Rb2 gxh3 32. Bf3 Ng4+ 33. Kh1 h2 34. Qb3
hxg1=Q+ 35. Rxg1 b5 36. axb5 axb5 37. Bxg4 Rg8 38. Nxb5 Bxb5 39. Qa4 Bxh4 40.
Rxb5+ 1-0

[Event "Gibraltar Open"]
[Site "Caleta ENG"]
[Date "2012.01.28"]
[Round "5.102"]
[White "Riiser, Samuel"]
[Black "Lipecki, Alexander"]
[Result "0-1"]
[WhiteElo "1827"]
[BlackElo "2159"]
[WhiteFideId "1509470"]
[BlackFideId "1303511"]
[EventDate "2012.01.24"]

1. d4 Nf6 2. c4 d6 3. Nc3 g6 4. e4 Bg7 5. Nf3 Bg4 6. Be2 O-O 7. O-O Nfd7 8. h3
Bxf3 9. Bxf3 Nc6 10. d5 Nd4 11. Be3 e5 12. Be2 Qe7 13. f3 f5 14. b4 a6 15. Rc1
Rf7 16. Qd2 Qf8 17. Rfd1 b6 18. Bf1 Nf6 19. Qd3 Bh6 20. Ne2 Bxe3+ 21. Qxe3 Nxe2+
22. Bxe2 Nd7 23. Rd2 Qe7 24. Bd1 a5 25. a3 Kg7 26. Bc2 Qh4 27. Re1 axb4 28. axb4
Ra3 29. Qf2 Qh6 30. Bd1 fxe4 31. Rxe4 Nf6 32. Re1 Qf4 33. Ra2 Rc3 34. Be2 Ne4
35. Qf1 Qe3+ 36. Kh2 Nd2 37. Qg1 Qf4+ 38. Kh1 Nxc4 39. Bxc4 Rxc4 0-1